000 00297 a2200157 4500
001 172508
020 _a
040 _cMagnum
100 _aAlmeida, Zelia
240 1 0 _aFura-chao
_lpor
245 1 0 _aFura-chao
362 0 _a1899
440 1 _aDimensão
697 _aI/ANIMAIS
942 _cBK
999 _c172508
_d172508